000 00624nam a2200229Ia 4500
003 OSt
005 20220924122558.0
006 a|||||r|||| 00| 0
007 ta
008 220923b |||||||| |||| 00| 0 urd d
024 _a314025
037 _cTextual
040 _aARTS
_cARTS
_burd
041 _2urd
_aurd
082 _aO168,1MWHx, J3.1-.2
100 _aMuhazzib Luchnavi
_9189989
245 0 _aMukhtar waheed
260 _aLuckhnow
_bSarfaraz Qaumi India
_c1953
650 _aURDU POETRY
942 _hO168,1MWHx, J3.1-.2
_cTEXL
_2CC
999 _c412233
_d412233